000 00754nam a2200241 i 4500
001 16208
003 ES-MaACL
005 20240301063047.0
007 t|
008 000711s2000 sp ||||1| spa d
020 _a84-323-1022-0
080 _a330.84/86"19"
100 0 _aHarnecker, Marta,
_d1937-2019
_961867
245 1 3 _aLa izquierda en el umbral del siglo XXI
_b: haciendo posible lo imposible /
_cpor Marta Harnecker.
250 _a2ª ed. española.
260 _aMadrid :
_bSiglo XXI,
_c2000.
300 _a410 p. ;
_c21 cm.
490 1 _aSociología y política
650 1 4 _aSocialismo-
_yS.XX.
_917164
830 0 _aSociología y política
_9178818
852 _aES-MaACL
_jL-23401
_bR.128390
999 _c16208
_d16208